000 00461pab a2200169 454500
008 180718b2014 xxu||||| |||| 00| 0 eng d
100 _aMacDonald, Fiona
245 _aAccountability insights from the devolution of indigenous child welfare in Manitoba
260 _c2014
300 _ap.97-117.
362 _aMar
650 _aChild welfare
700 _aLevasseur, Karine
773 _aCanadian Public Administration
908 _aN
909 _a104309
999 _c104305
_d104305